000 00726nam a22001937a 4500
999 _c13708
_d13708
008 190402b ||||| |||| 00| 0 eng d
020 _a9781118678404
082 _22013
_aAV-Eb 333.714
_bL419
100 _aLawrence, David P.
_938112
245 _aImpact assessment :
_bpractical solutions to recurrent problems and contemporary challenges /
_cDavid P. Lawrence
250 _aSecond Edition
260 _bJohn Wiley & Sons, Incorporated,
_c©2013.
300 _a1123 pages;
500 _aInlcudes index.
650 _aEnvironmental engineering.
_938113
650 _aEnvironmental engineering.
_938113
856 _yhttps://ebookcentral.proquest.com/lib/uniofmindanao-ebooks/detail.action?docID=1209432
942 _2ddc
_cEB